Land and people : a cultural geography of preindustrial New Jersey origins and settlement patterns /

Bibliographic Details
Main Author: Wacker, Peter O., 1936-
Format: Book
Language:English
Published: New Brunswick, N.J. : Rutgers University Press, [1975]
Subjects:

MARC

Tag First Indicator Second Indicator Subfields
LEADER 00000pam a2200000 i 4500
001 in00000481621
005 20151013051717.0
008 750414s1975 njua b 00110 eng
010 |a  75012650  
035 |a (OCoLC)01339713 
035 |9 ACB2188AM 
040 |a DLC  |c DLC  |d TXA  |d UtOrBLW 
043 |a n-us-nj 
049 |a TXAM  |c 1 [1412938], 2 [1138420] 
050 0 0 |a F137  |b .W3 
082 0 |a 333.3/35/09749 
100 1 |a Wacker, Peter O.,  |d 1936- 
245 1 0 |a Land and people :  |b a cultural geography of preindustrial New Jersey origins and settlement patterns /  |c Peter O. Wacker. 
264 1 |a New Brunswick, N.J. :  |b Rutgers University Press,  |c [1975] 
300 |a xx, 499 pages :  |b illustrations ;  |c 24 cm. 
336 |a text  |b txt  |2 rdacontent 
337 |a unmediated  |b n  |2 rdamedia 
338 |a volume  |b nc  |2 rdacarrier 
500 |a Includes index. 
504 |a Bibliography: pages 451-468. 
650 0 |a Land settlement  |z New Jersey. 
651 0 |a New Jersey  |x Historical geography. 
651 0 |a New Jersey  |x History  |y Colonial period, ca. 1600-1775. 
650 0 |a Human geography  |z New Jersey. 
999 |a MARS 
999 f f |s 365f7454-d583-35ca-8635-16033e8fba63  |i 8821f0b7-3d98-319c-b2d3-575faa84888f  |t 0 
952 f f |p ric  |a Texas A&M University  |b Rellis Campus  |c Joint Library Facility  |d Remote Storage  |t 0  |e F137 .W3  |h Library of Congress classification  |i unmediated -- volume  |m A14802274076 
998 f f |a F137 .W3  |t 0  |l Remote Storage